000
00474nam a2200181Ia 4500
008
090124s9999 xx 000 0 und d
082
_b
118404
100
_a
गावसकर सुनील
245
_a
सनीडेज
250
_a
2
260
_c
1979
300
_a
283
600
_a
गावसकर सुनील
630
_a
सनीडेज
700
_a
गावसकर सुनील
730
_a
सनीडेज
942
_c
BOOK
999
_c
164490
_d
164490